[Event "BRA Amateur-ch U1400"]
[Site "Sao Paulo"]
[Date "2022.11.03"]
[Round "1"]
[White "Mesquita, Nickolas del Grande"]
[Black "Gravina, Miguel Vigolo"]
[Result "1-0"]
[WhiteElo "1759"]
[BlackElo "1056"]
[PlyCount "71"]
[EventDate "2022.11.03"]
[EventType "swiss"]
[EventRounds "7"]
[EventCountry "BRA"]
[SourceTitle "CBM 211 Extra"]
[Source "ChessBase"]
[SourceDate "2023.01.31"]
[SourceVersion "1"]
[SourceVersionDate "2023.01.31"]
[SourceQuality "1"]

1. e4 e6 2. d4 d5 3. Nc3 c5 4. exd5 exd5 5. Nf3 Nc6 6. Be2 Nf6 7. Bg5 Be7 8. 0-0 Qb6 9. Na4 Qa5 10. Bxf6 Qxa4 11. Bxe7 Nxe7 12. dxc5 Qc6 13. b4 Qa4 14. a3 Qc6 15. Nd4 Qg6 16. Bb5+ Kf8 17. f4 Bh3 18. Qf3 Bg4 19. Qg3 Bf5 20. Qxg6 Bxg6 21. f5 Bh5 22. h3 f6 23. g4 Bf7 24. Rfe1 g6 25. Ne6+ Kg8 26. Nc7 Rc8 27. Rxe7 Kf8 28. Rae1 gxf5 29. Rd7 Kg7 30. Ree7 Kh6 31. Rxf7 fxg4 32. Nxd5 gxh3 33. Rxf6+ Kh5 34. Rg7 Rcg8 35. Be2+ Kh4 36. Rf4# 1-0